Du français à l'anglais - Statistiques

Statistiques générales
  • Ce quiz a été pris 68 fois
  • Le résultat moyen est 12 sur 18
Statistiques - réponses
Hint Réponse % Correct
Jus ras sic parc Jurassic Park
94%
Tite tanne Nique Titanic
94%
Beau hé mi âne rap sot dit Bohemian Rhapsody
84%
Aile lé fente manne Elephant Man
84%
Ah pie naisse thé rat pie Happiness Therapy
84%
Poulpe fixe Sean Pulp Fiction
84%
Ere plaine Air Plane
81%
à vie a Thor Aviator
81%
Foule met tale Jack quête Full Metal Jacket
81%
Mie lionne dos lard baie bi Million Dollar Baby
76%
Miss tic riz verre Mystic River
68%
Maille ouais My way
68%
Tôt tale rie colle Total Recall
56%
Aile haie con fie dent sial L.A. Confidential
55%
Scie tee zen Ken Citizen kane
50%
Wayne ha rit mette sale hie When Harry Met Sally
37%
Bas ris Line donne Barry Lyndon
27%
Maille aune prix vête hi da eau My own private idaho
23%
Aucun quiz correspondant
Distribution des résultats
% des personnes avec chaque résultat
Percentile par nombre de réponses
Votre historique - résultats
Vous n’avez pas pris ce quiz